[Event "FRA-chT4 0203"]
[Site "Champagne Ardenne"]
[Date "2002.10.13"]
[Round "1"]
[White "Guilbaut, Bertrand"]
[Black "Bodeau, Christophe"]
[Result "0-1"]
[WhiteElo "1830"]
[BlackElo "1770"]
[PlyCount "74"]
[EventDate "2002.10.02"]
[EventType "team"]
[EventRounds "7"]
[EventCountry "FRA"]
[SourceTitle "EXT 2005"]
[Source "ChessBase"]
[SourceDate "2004.11.15"]
[SourceVersion "1"]
[SourceVersionDate "2004.11.15"]
[SourceQuality "1"]

1. c4 Nf6 2. Nc3 g6 3. g3 Bg7 4. Bg2 0-0 5. Nf3 c5 6. 0-0 Nc6 7. a3 d5 8. cxd5 Nxd5 9. Rb1 Nc7 10. d3 Bg4 11. Qc2 Bxf3 12. exf3 Nd4 13. Qd1 Qd7 14. f4 Rab8 15. Ne4 b6 16. Ng5 h6 17. Nf3 Nce6 18. Ne5 Qd6 19. Re1 Rbd8 20. b4 cxb4 21. axb4 Rc8 22. Bd2 b5 23. Rc1 Rc7 24. Rxc7 Qxc7 25. Qg4 h5 26. Qh3 Qc2 27. Be3 Rc8 28. Bxd4 Nxd4 29. Nc6 Rxc6 30. Bxc6 Qxc6 31. Rxe7 Nf3+ 32. Kf1 Qc1+ 33. Kg2 Nd2 34. g4 Qf1+ 35. Kg3 Qg1+ 36. Qg2 Nf1+ 37. Kh3 hxg4+ 0-1